Formule 1 - Classement constructeur 2024 - Statistiques

Statistiques générales
  • Ce quiz a été pris 433 fois
  • Le résultat moyen est 9 sur 10
Statistiques - réponses
Rang Points Écuries % Correct
2 652 Ferrari
100%
1 666 McLaren
99%
3 589 RedBull
98%
4 468 Mercedes
97%
6 65 Alpine
96%
5 94 Aston Martin
93%
7 58 Haas
92%
9 17 Williams
86%
10 4 Kick Sauber
83%
8 46 RedBull Racing
58%
Aucun quiz correspondant
Distribution des résultats
% des personnes avec chaque résultat
Percentile par nombre de réponses
Votre historique - résultats
Vous n’avez pas pris ce quiz